|
|
|
|
| LEADER |
01274nam a2200265 a 4500 |
| 001 |
GR-MES10646 |
| 008 |
060912s gr 000 0 gre d |
| 020 |
|
|
|a 9603480886
|
| 040 |
|
|
|a GrPaTEI
|b gre
|c GR-PaULI
|
| 040 |
|
|
|a GrPaTEI
|b gre
|c GR-PaULI
|
| 082 |
|
0 |
|a 306.094 958
|2 21
|
| 100 |
1 |
|
|a Ζαϊμάκης, Γιάννης
|
| 245 |
1 |
0 |
|a Καταγώγια ακμάζοντα :
|b Παρέκκλιση και πολιτισμική δημιουργία στον Λάκκο Ηρακλείου (1900-1940). /
|c Γιάννης Ζαϊμάκης.
|
| 260 |
|
|
|a Αθήνα :
|b Πλέθρον,
|c 1999
|
| 300 |
|
|
|a 307σ. ;
|c 21εκ.
|
| 490 |
0 |
|
|a Λαϊκός πολιτισμός/Τοπικές κοινωνίες
|
| 504 |
|
|
|a Βιβλιογραφία:σ.267-280
|
| 650 |
|
4 |
|a ΠΟΡΝΕΙΑ
|
| 650 |
|
4 |
|a Πορνεία
|z Ελλάς
|z Ηράκλειο
|z Λάκκος
|
| 650 |
|
4 |
|a ΠΡΟΣΦΥΓΕΣ
|
| 651 |
|
4 |
|a Ηράκλειο(Κρήτη)
|x Κοινωνική ζωή και έθιμα
|
| 942 |
|
|
|2 ddc
|
| 952 |
|
|
|0 0
|1 0
|2 ddc
|4 0
|6 306_094000000000000_958_ΖΑΙ
|7 0
|9 269985
|a MSLG
|b MSLG
|c BSC
|d 2021-01-17
|e 24
|f 0
|g 0.00
|l 0
|o 306.094 958 ΖΑΙ
|p 2420000020104
|r 2021-01-17 00:00:00
|t 1
|w 2021-01-17
|y BK15
|x 20060912 0 1
|x GrPaTEI
|
| 971 |
|
|
|a .b25766934
|b 08-10-20
|c 13-09-16
|
| 999 |
|
|
|c 155883
|d 155883
|